Statistics for Fast Clicking - Countries of the World

Click here to take the quiz!

General Stats

  • This quiz has been taken 96 times
  • The average score is 155 of 196

Answer Stats

HintAnswer% Correct
AfghanistanClick Me!
100%
AlgeriaClick Me!
100%
AndorraClick Me!
100%
AngolaClick Me!
100%
Antigua and BarbudaClick Me!
100%
ArgentinaClick Me!
100%
AlbaniaClick Me!
100%
BelarusClick Me!
98%
BotswanaClick Me!
98%
Bosnia and HerzegovinaClick Me!
98%
BhutanClick Me!
98%
BeninClick Me!
98%
BelizeClick Me!
98%
BelgiumClick Me!
98%
BoliviaClick Me!
98%
BarbadosClick Me!
98%
BangladeshClick Me!
98%
BahrainClick Me!
98%
BahamasClick Me!
98%
AzerbaijanClick Me!
98%
ArmeniaClick Me!
98%
AustriaClick Me!
98%
AustraliaClick Me!
98%
CameroonClick Me!
97%
CambodiaClick Me!
97%
BurundiClick Me!
97%
Burkina FasoClick Me!
97%
BulgariaClick Me!
97%
BruneiClick Me!
97%
BrazilClick Me!
97%
CyprusClick Me!
95%
El SalvadorClick Me!
95%
EcuadorClick Me!
95%
East TimorClick Me!
95%
Dominican RepublicClick Me!
95%
DominicaClick Me!
95%
DjiboutiClick Me!
95%
DenmarkClick Me!
95%
Democratic Republic of the CongoClick Me!
95%
Czech RepublicClick Me!
95%
EgyptClick Me!
95%
CubaClick Me!
95%
CroatiaClick Me!
95%
Costa RicaClick Me!
95%
ComorosClick Me!
95%
ColombiaClick Me!
95%
ChinaClick Me!
95%
ChileClick Me!
95%
ChadClick Me!
95%
Central African RepublicClick Me!
95%
CanadaClick Me!
95%
Cape VerdeClick Me!
95%
FinlandClick Me!
93%
FijiClick Me!
93%
Federated States of MicronesiaClick Me!
93%
EswatiniClick Me!
93%
EthiopiaClick Me!
93%
EstoniaClick Me!
93%
EritreaClick Me!
93%
Equatorial GuineaClick Me!
93%
IrelandClick Me!
92%
IraqClick Me!
92%
IranClick Me!
92%
IndonesiaClick Me!
92%
IndiaClick Me!
92%
IcelandClick Me!
92%
HungaryClick Me!
92%
HondurasClick Me!
92%
HaitiClick Me!
92%
GuyanaClick Me!
92%
Guinea-BissauClick Me!
92%
GeorgiaClick Me!
92%
GuineaClick Me!
92%
FranceClick Me!
92%
GabonClick Me!
92%
GambiaClick Me!
92%
GermanyClick Me!
92%
GhanaClick Me!
92%
GreeceClick Me!
92%
GrenadaClick Me!
92%
GuatemalaClick Me!
92%
IsraelClick Me!
90%
ItalyClick Me!
88%
KenyaClick Me!
86%
KuwaitClick Me!
86%
KosovoClick Me!
86%
KiribatiClick Me!
86%
JapanClick Me!
86%
KazakhstanClick Me!
86%
JordanClick Me!
86%
JamaicaClick Me!
86%
Ivory CoastClick Me!
86%
MexicoClick Me!
85%
MauritiusClick Me!
85%
MauritaniaClick Me!
85%
Marshall IslandsClick Me!
85%
MaltaClick Me!
85%
MaliClick Me!
85%
MalawiClick Me!
85%
MaldivesClick Me!
85%
MalaysiaClick Me!
85%
LibyaClick Me!
85%
MadagascarClick Me!
85%
LithuaniaClick Me!
85%
LiechtensteinClick Me!
85%
LiberiaClick Me!
85%
LesothoClick Me!
85%
LebanonClick Me!
85%
LatviaClick Me!
85%
LaosClick Me!
85%
KyrgyzstanClick Me!
85%
LuxembourgClick Me!
85%
MyanmarClick Me!
83%
NepalClick Me!
83%
NauruClick Me!
83%
NamibiaClick Me!
83%
MonacoClick Me!
83%
MozambiqueClick Me!
83%
MoroccoClick Me!
83%
MontenegroClick Me!
83%
MongoliaClick Me!
83%
MoldovaClick Me!
83%
NetherlandsClick Me!
81%
New ZealandClick Me!
81%
NigerClick Me!
80%
NicaraguaClick Me!
80%
NigeriaClick Me!
78%
North KoreaClick Me!
78%
North MacedoniaClick Me!
78%
NorwayClick Me!
78%
OmanClick Me!
78%
PakistanClick Me!
78%
PalauClick Me!
76%
PanamaClick Me!
75%
Papua New GuineaClick Me!
75%
ParaguayClick Me!
73%
PortugalClick Me!
71%
PhilippinesClick Me!
71%
PolandClick Me!
71%
PeruClick Me!
71%
QatarClick Me!
69%
Republic of the CongoClick Me!
69%
RomaniaClick Me!
69%
RussiaClick Me!
68%
RwandaClick Me!
66%
Saint Kitts and NevisClick Me!
66%
Saint LuciaClick Me!
66%
Saint Vincent and the GrenadinesClick Me!
66%
Saudi ArabiaClick Me!
63%
San MarinoClick Me!
63%
São Tomé and PríncipeClick Me!
63%
SamoaClick Me!
63%
SenegalClick Me!
61%
SerbiaClick Me!
61%
SeychellesClick Me!
61%
Sierra LeoneClick Me!
59%
SingaporeClick Me!
58%
SlovakiaClick Me!
58%
South SudanClick Me!
56%
South KoreaClick Me!
56%
SomaliaClick Me!
56%
South AfricaClick Me!
56%
Solomon IslandsClick Me!
56%
SloveniaClick Me!
56%
SpainClick Me!
53%
Sri LankaClick Me!
53%
SudanClick Me!
51%
SurinameClick Me!
51%
SwedenClick Me!
51%
SwitzerlandClick Me!
49%
SyriaClick Me!
49%
TanzaniaClick Me!
47%
TaiwanClick Me!
47%
TajikistanClick Me!
47%
ThailandClick Me!
46%
TogoClick Me!
44%
TongaClick Me!
44%
Trinidad and TobagoClick Me!
44%
TunisiaClick Me!
44%
TurkeyClick Me!
44%
TurkmenistanClick Me!
44%
TuvaluClick Me!
44%
UgandaClick Me!
44%
UkraineClick Me!
44%
United StatesClick Me!
42%
United Arab EmiratesClick Me!
42%
United KingdomClick Me!
42%
UruguayClick Me!
41%
UzbekistanClick Me!
39%
ZimbabweClick Me!
39%
VanuatuClick Me!
37%
Vatican CityClick Me!
37%
VenezuelaClick Me!
37%
VietnamClick Me!
37%
YemenClick Me!
37%
ZambiaClick Me!
37%

Score Distribution

Percentile by Number Answered

Percent of People with Each Score

Your Score History

You have not taken this quiz